000 01193nam a22002537a 4500
005 20240530110413.0
008 150225s2010 ua g 000 0 ara d
017 _a2009/16044
_bمصر . دار الكتب المصرية
020 _a9789773502852
040 _aEG-CaGPL
041 0 _aara
082 0 4 _221
_a953.502\
_bم أ
100 0 _aمحمد حسن العيدروس
245 1 2 _aالامارات بين اتفاقية الحماية المانعة و السياسة العسكرية البريطانية فى القرن التاسع عشر /
_cمحمد حسن العيدروس
250 _aط1
260 _aالقاهرة :
_bدار الكتاب الحديث ،
_c2010
300 _a237 ص ؛
_c24 سم
490 0 _aدار العيدروس للكتاب الحديث : تاريخ الامارات العسكرية
650 0 4 _aالاتفاقيات الدولية
_zالامارات العربية المتحدة
651 0 4 _aالامارات العربية المتحدة
_xتاريخ
651 0 4 _aالامارات العربية المتحدة
_xتاريخ
_yالاحتلال البريطانى
942 _2ddc
_cBK
999 _c60509
_d60509